00462nam a2200181Ia 4500008004100000020001400041050001400055100002300069245002900092245005800121260001500179260001600194260000900210300001600219300002700235300001000262500000800272170918s9999 xx 000 0 und d a590458965 bM996 1995 aMyers, Walter Dean aShadow of the red moon / cWalter Dean Myers ; illustrated by Christopher Myers. aNew York : bScholastic, c1995 a183 pages : bcolored illustration ; c17cm. a660